ბათუმის შოთა რუსთაველის სახელმწიფო უნივერსიტეტის ბიბლიოთეკა

მწერთა ეკოლოგიის საფუძვლები (ბიბ.ჩანაწერი № 58704)

000 -LEADER
fixed length control field 00894nam a2200241Ia 4500
001 - CONTROL NUMBER
control field 11237
003 - CONTROL NUMBER IDENTIFIER
control field GE_BSU
005 - DATE AND TIME OF LATEST TRANSACTION
control field 20220701120759.0
008 - FIXED-LENGTH DATA ELEMENTS--GENERAL INFORMATION
fixed length control field 181216s||||||||xx |||||||||||||| ||und||
040 ## - CATALOGING SOURCE
Transcribing agency GE_BSU
080 ## - UNIVERSAL DECIMAL CLASSIFICATION NUMBER
Universal Decimal Classification number 595.7
100 ## - MAIN ENTRY--PERSONAL NAME
Personal name კობახიძე დ.
9 (RLIN) 14271
245 ## - TITLE STATEMENT
Title მწერთა ეკოლოგიის საფუძვლები
245 ## - TITLE STATEMENT
Remainder of title საქ-ს სსრ მეცნ. აკადემია ზოოლოგიის ინ-ტი.
245 ## - TITLE STATEMENT
Statement of responsibility, etc. რედ: ა. მაჩაბელი
260 ## - PUBLICATION, DISTRIBUTION, ETC.
Place of publication, distribution, etc. თბილისი.
260 ## - PUBLICATION, DISTRIBUTION, ETC.
Name of publisher, distributor, etc. საქ-ს მეცნ. აკად. გამ-ბა
260 ## - PUBLICATION, DISTRIBUTION, ETC.
Date of publication, distribution, etc. 1958
300 ## - PHYSICAL DESCRIPTION
Extent 280გვ.22სმ.
300 ## - PHYSICAL DESCRIPTION
Accompanying material დანართები გვ. 272-279
653 ## - INDEX TERM--UNCONTROLLED
Uncontrolled term მწერთა ეკოლოგიის საფუძვლები
942 ## - ADDED ENTRY ELEMENTS (KOHA)
Koha item type წიგნი
Source of classification or shelving scheme

არაა ხელმისაწვდომი ეგზემპლარები.